Seeley's essentials of anatomy & physiology / (Record no. 88716)

MARC details
000 -LEADER
fixed length control field 00997nam a22003017a 4500
003 - CONTROL NUMBER IDENTIFIER
control field URS
005 - DATE AND TIME OF LATEST TRANSACTION
control field 20260405122923.0
008 - FIXED-LENGTH DATA ELEMENTS--GENERAL INFORMATION
fixed length control field
020 ## - INTERNATIONAL STANDARD BOOK NUMBER
International Standard Book Number 978-1-265-25317-2
040 ## - CATALOGING SOURCE
Transcribing agency URS
Language of cataloging English
Description conventions rda
050 00 - LIBRARY OF CONGRESS CALL NUMBER
Classification number QP34.5
Item number .V349 2025
100 ## - MAIN ENTRY--PERSONAL NAME
Personal name VanPutte, Cinnamon,
Relator term author.
9 (RLIN) 6608
245 00 - TITLE STATEMENT
Title Seeley's essentials of anatomy & physiology /
Statement of responsibility, etc Cinnamon VanPutte, Jennifer Regan, Andrew Russo.
250 ## - EDITION STATEMENT
Edition statement 12th edition.
264 ## - PUBLICATION, DISTRIBUTION, ETC. (IMPRINT)
Place of publication, distribution, etc New York :
Name of publisher, distributor, etc McGraw-Hill,
Date of publication, distribution, etc ©2025.
300 ## - PHYSICAL DESCRIPTION
Extent 752 pages :
Other physical details illustrations ;
Dimensions 28 cm.
336 ## - CONTENT TYPE
Source rdacontent
Content type term text
Content type code txt
337 ## - MEDIA TYPE
Source rdamedia
Media type term unmediated
Media type code n
338 ## - CARRIER TYPE
Source rdacarrier
Carrier type term volume
Carrier type code nc
650 #0 - SUBJECT ADDED ENTRY--TOPICAL TERM
Topical term or geographic name as entry element Human anatomy.
9 (RLIN) 1280
650 #0 - SUBJECT ADDED ENTRY--TOPICAL TERM
Topical term or geographic name as entry element Human physiology.
9 (RLIN) 1281
650 #0 - SUBJECT ADDED ENTRY--TOPICAL TERM
Topical term or geographic name as entry element Human body.
9 (RLIN) 6609
700 ## - ADDED ENTRY--PERSONAL NAME
Personal name Regan, Jennifer,
Relator term author.
9 (RLIN) 6610
700 ## - ADDED ENTRY--PERSONAL NAME
Personal name Russo, Andrew,
Relator term author.
9 (RLIN) 6611
730 0# - ADDED ENTRY--UNIFORM TITLE
Uniform title Fundamentals of nursing.
856 41 - ELECTRONIC LOCATION AND ACCESS
Materials specified Table of contents only
Uniform Resource Identifier <a href="http://www.loc.gov/catdir/toc/ecip0620/2006029312.html">http://www.loc.gov/catdir/toc/ecip0620/2006029312.html</a>
942 ## - ADDED ENTRY ELEMENTS (KOHA)
Source of classification or shelving scheme Library of Congress Classification
Koha item type Reserved Books
Holdings
Withdrawn status Lost status Source of classification or shelving scheme Damaged status Not for loan Collection code Home library Current library Shelving location Date acquired Source of acquisition Total Checkouts Full call number Barcode Date last seen Copy number Koha item type Cost, normal purchase price Cost, replacement price Price effective from
    Library of Congress Classification     Non-fiction Taytay College Library Taytay College Library Nursing Collection 08/12/2025 Donation   QP34.5 .V349 2025 URSTAY-5842 11/19/2025 1 Reserved Books      
    Library of Congress Classification     Non-fiction Taytay College Library Taytay College Library Medicine Collection 04/05/2026 Purchased   QP34.5 .V349 2025 URSTAY-6144 04/05/2026 2 Reserved Books 3068.00 3068.00 04/05/2026

University of Rizal System
Email us at univlibservices@urs.edu.ph

Visit our Website www.urs.edu.ph/library